| 000 | 00349nam a2200109Ia 4500 | ||
|---|---|---|---|
| 008 | 171204s9999 xx 000 0 und d | ||
| 245 | _aStarting a Successful Practice in Clinical Psychology and Counseling: | ||
| 245 | _cOwen J. Bargreen | ||
| 260 | _c2013 | ||
| 650 | _xCLINICAL PSYCHOLOGY | ||
| 856 | _uhttp://down.ebook777.com/048/9780415832953.pdf | ||
| 999 |
_c346417 _d346417 |
||